| 000 | 00444nam a2200157Ia 4500 | ||
|---|---|---|---|
| 008 | 210716s2016 xx 000 0 und d | ||
| 020 | _a9789332555440 | ||
| 041 | _aeng | ||
| 082 | _a621.3821 TOHC | ||
| 100 | _aToh, C K. | ||
| 245 |
_aAd hoc mobile wireless networks: protocols and systems. _bProtocols and systems. |
||
| 250 | _a1 | ||
| 260 |
_aNew Delhi _bPearson _c2016 |
||
| 300 | _axvii,294 | ||
| 650 | _aCommunication Network(621.3821) | ||
| 999 |
_c195193 _d195193 |
||